<?xml version="1.0" encoding="UTF-8"?><?xml-stylesheet type="text/xsl" href="static/style.xsl"?><OAI-PMH xmlns="http://www.openarchives.org/OAI/2.0/" xmlns:xsi="http://www.w3.org/2001/XMLSchema-instance" xsi:schemaLocation="http://www.openarchives.org/OAI/2.0/ http://www.openarchives.org/OAI/2.0/OAI-PMH.xsd"><responseDate>2026-04-27T04:59:49Z</responseDate><request verb="GetRecord" identifier="oai:repisalud.isciii.es:20.500.12105/27406" metadataPrefix="marc">https://repisalud.isciii.es/rest/oai/request</request><GetRecord><record><header><identifier>oai:repisalud.isciii.es:20.500.12105/27406</identifier><datestamp>2026-04-08T00:18:52Z</datestamp><setSpec>com_20.500.12105_27396</setSpec><setSpec>com_20.500.12105_5570</setSpec><setSpec>com_20.500.12105_2404</setSpec><setSpec>com_20.500.12105_2403</setSpec><setSpec>col_20.500.12105_27398</setSpec></header><metadata><record xmlns="http://www.loc.gov/MARC21/slim" xmlns:dcterms="http://purl.org/dc/terms/" xmlns:doc="http://www.lyncode.com/xoai" xmlns:xsi="http://www.w3.org/2001/XMLSchema-instance" xsi:schemaLocation="http://www.loc.gov/MARC21/slim http://www.loc.gov/standards/marcxml/schema/MARC21slim.xsd">
   <leader>00925njm 22002777a 4500</leader>
   <datafield ind2=" " ind1=" " tag="042">
      <subfield code="a">dc</subfield>
   </datafield>
   <datafield ind2=" " ind1=" " tag="720">
      <subfield code="a">Martín-Ríos, Raquel</subfield>
      <subfield code="e">author</subfield>
   </datafield>
   <datafield ind2=" " ind1=" " tag="720">
      <subfield code="a">Magdaleno-Marco, Jorge</subfield>
      <subfield code="e">author</subfield>
   </datafield>
   <datafield ind2=" " ind1=" " tag="720">
      <subfield code="a">Ruiz-Carabias, Miguel Ángel</subfield>
      <subfield code="e">author</subfield>
   </datafield>
   <datafield ind2=" " ind1=" " tag="260">
      <subfield code="c">2026-03</subfield>
   </datafield>
   <datafield ind2=" " ind1=" " tag="520">
      <subfield code="a">[ES] Introducción: El burnout y el engagement laboral son fenómenos clave para la salud ocupacional, especialmente en contextos organizacionales caracterizados por diferentes niveles jerárquicos y demandas sectoriales. El objetivo de este estudio fue analizar el impacto de la jerarquía profesional y del sector de trabajo en el burnout y el engagement laboral. Método: Participaron 179 trabajadores en activo en España, con edades comprendidas entre los 22 y los 66 años. El burnout se evaluó mediante el Inventario de Burnout de Maslach (MBI) y el engagement laboral a través de la Escala de Engagement Laboral de Utrecht (UWES). Se realizaron análisis de varianza (ANOVA) y pruebas t bayesianas para examinar las diferencias en función del sector laboral y la categoría profesional. Resultados: Los resultados mostraron que el agotamiento emocional fue significativamente mayor en el sector educativo en comparación con el sector comercial (F = 3,169; p = 0,026). Asimismo, los directivos presentaron niveles significativamente más altos de vigor que los empleados (t = 3,15; p = 0,002). No se observaron diferencias significativas en el nivel global de burnout entre las distintas jerarquías profesionales. Conclusiones: Los hallazgos sugieren que, aunque los directivos disponen de mayores recursos laborales, las elevadas demandas asociadas a su rol pueden neutralizar estos beneficios. Tanto la jerarquía profesional como el sector de trabajo constituyen factores relevantes para el diseño de intervenciones orientadas a la promoción de la salud laboral y la prevención del burnout. [EN] Introduction: Burnout and work engagement are central constructs in occupational health psychology, particularly in organizational contexts characterized by different professional hierarchies and sector-specific demands. The aim of this study was to analyze the impact of professional hierarchy and work sector on burnout and work engagement. Method: A total of 179 active workers in Spain participated in the study, with ages ranging from 22 to 66 years. Burnout was assessed using the Maslach Burnout Inventory (MBI), and work engagement was measured with the Utrecht Work Engagement Scale (UWES). Analyses of variance (ANOVA) and Bayesian t-tests were conducted to examine differences according to work sector and professional hierarchy. Results: Emotional exhaustion was significantly higher in the education sector compared to the commercial sector (F = 3.169; p = 0.026). In addition, managers showed significantly higher levels of vigor than employees (t = 3.15; p = 0.002). No significant differences were found in overall burnout levels across professional hierarchies. Conclusions: The findings suggest that although managers have access to greater job resources, the high demands associated with their roles may offset these advantages. Professional hierarchy and work sector emerge as key factors for the development of targeted interventions aimed at promoting occupational health and preventing burnout in organizational settings.</subfield>
   </datafield>
   <datafield ind1="8" ind2=" " tag="024">
      <subfield code="a">Martín-Ríos R, Magdaleno Marco J, Ruiz-Carabias MA. Salud laboral en el ámbito organizacional según la je rarquía profesional y el sector productivo. Med Segur Trab (Internet). 2026;72(282):68-78. doi: 10.4321/s0465 546x2026000100007</subfield>
   </datafield>
   <datafield ind1="8" ind2=" " tag="024">
      <subfield code="a">1989-7790</subfield>
   </datafield>
   <datafield ind1="8" ind2=" " tag="024">
      <subfield code="a">https://hdl.handle.net/20.500.12105/27406</subfield>
   </datafield>
   <datafield ind1="8" ind2=" " tag="024">
      <subfield code="a">10.4321/s0465-546x2026000100007</subfield>
   </datafield>
   <datafield ind1="8" ind2=" " tag="024">
      <subfield code="a">Medicina y Seguridad del Trabajo (Internet)  2026; 72 (282) Enero-Marzo.</subfield>
   </datafield>
   <datafield ind1="8" ind2=" " tag="024">
      <subfield code="a">156240044</subfield>
   </datafield>
   <datafield tag="653" ind2=" " ind1=" ">
      <subfield code="a">Salud laboral</subfield>
   </datafield>
   <datafield tag="653" ind2=" " ind1=" ">
      <subfield code="a">Burnout</subfield>
   </datafield>
   <datafield tag="653" ind2=" " ind1=" ">
      <subfield code="a">Engagement laboral</subfield>
   </datafield>
   <datafield tag="653" ind2=" " ind1=" ">
      <subfield code="a">Jerarquía profesional</subfield>
   </datafield>
   <datafield tag="653" ind2=" " ind1=" ">
      <subfield code="a">Directivos</subfield>
   </datafield>
   <datafield tag="653" ind2=" " ind1=" ">
      <subfield code="a">Occupational health</subfield>
   </datafield>
   <datafield tag="653" ind2=" " ind1=" ">
      <subfield code="a">Work engagement</subfield>
   </datafield>
   <datafield tag="653" ind2=" " ind1=" ">
      <subfield code="a">Professional hierarchy</subfield>
   </datafield>
   <datafield tag="653" ind2=" " ind1=" ">
      <subfield code="a">Managers</subfield>
   </datafield>
   <datafield ind2="0" ind1="0" tag="245">
      <subfield code="a">Salud laboral en el ámbito organizacional según la jerarquía profesional y el sector productivo.</subfield>
   </datafield>
</record></metadata></record></GetRecord></OAI-PMH>